The Kashmir saga / (Record no. 21947)
[ view plain ]
| 000 -LEADER | |
|---|---|
| fixed length control field | 00733cam a22002411 4500 |
| 001 - CONTROL NUMBER | |
| control field | 7532719 |
| 003 - CONTROL NUMBER IDENTIFIER | |
| control field | BDDh-ASL |
| 005 - DATE AND TIME OF LATEST TRANSACTION | |
| control field | 20231015030051.0 |
| 008 - FIXED-LENGTH DATA ELEMENTS--GENERAL INFORMATION | |
| fixed length control field | 820922s1965 ii abc 000 0 eng |
| 010 ## - LIBRARY OF CONGRESS CONTROL NUMBER | |
| LC control number | sa 66003899 |
| 035 ## - SYSTEM CONTROL NUMBER | |
| System control number | (OCoLC)8797436 |
| 040 ## - CATALOGING SOURCE | |
| Original cataloging agency | DLC |
| Transcribing agency | MoU |
| Modifying agency | DLC |
| -- | BDDh-ASL |
| 042 ## - AUTHENTICATION CODE | |
| Authentication code | premarc |
| 050 00 - LIBRARY OF CONGRESS CALL NUMBER | |
| Classification number | DS485.K2 |
| Item number | I3 |
| 082 ## - DEWEY DECIMAL CLASSIFICATION NUMBER | |
| Classification number | 954.6 |
| Item number | KHK |
| 100 1# - MAIN ENTRY--PERSONAL NAME | |
| Personal name | Mohammed Ibrahim, Sardar, |
| Dates associated with a name | 1915-2003. |
| 245 14 - TITLE STATEMENT | |
| Title | The Kashmir saga / |
| Statement of responsibility, etc. | by M. Ibrahim Khan. |
| 260 ## - PUBLICATION, DISTRIBUTION, ETC. | |
| Place of publication, distribution, etc. | Lahore: |
| Name of publisher, distributor, etc. | Ripon Print. Press, |
| Date of publication, distribution, etc. | 1965. |
| 300 ## - PHYSICAL DESCRIPTION | |
| Extent | 228 p. : |
| Other physical details | illus., fold. map, ports. |
| Dimensions | 23 cm. |
| 651 #0 - SUBJECT ADDED ENTRY--GEOGRAPHIC NAME | |
| Geographic name | Jammu and Kashmir (India) |
| General subdivision | Politics and government. |
| 906 ## - LOCAL DATA ELEMENT F, LDF (RLIN) | |
| a | 7 |
| b | cbc |
| c | oclcrpl |
| d | u |
| e | ncip |
| f | 19 |
| g | y-gencatlg |
| 942 ## - ADDED ENTRY ELEMENTS (KOHA) | |
| Source of classification or shelving scheme | Dewey Decimal Classification |
| Koha item type | Books |
| Withdrawn status | Lost status | Source of classification or shelving scheme | Damaged status | Not for loan | Collection code | Home library | Current library | Shelving location | Date acquired | Source of acquisition | Total Checkouts | Full call number | Barcode | Date last seen | Copy number | Price effective from | Koha item type | Public note |
|---|---|---|---|---|---|---|---|---|---|---|---|---|---|---|---|---|---|---|
| Dewey Decimal Classification | Non-fiction | Asiatic Society Library | Asiatic Society Library | General Stacks | 02/17/2021 | ASB Library Collections | 954.6 KHK | 106004 | 02/17/2021 | C-1 | 02/17/2021 | Books | RARE |